Tenniste primi in classifica WTA per almeno 100 settimane consecutive - Statistics

Statistiche generali
  • Questo quiz è stato fatto 4 volte
  • Il punteggio medio è 4 su 5
Statistiche sulle risposte
Continente Settimane al primo posto Inizio Fine Tennista % Corretto
Stati Uniti 186 17 febbraio 2013 11 settembre 2016 Serena Williams
100%
Australia 114 9 settembre 2019 3 aprile 2022 Ashleigh Barty
75%
Cceoslovacchia 156 14 giugno 1982 9 giugno 1985 Martina Navrátilová
75%
Germania 186 17 agosto 1987 10 marzo 1991 Steffi Graf
75%
Stati Uniti 113 10 maggio 1976 9 luglio 1978 Chris Evert
25%
Nessun quiz corrispondente trovato
Distribuzione punteggi
Percentuale di utenti per punteggio
Percentile per numero di risposta
I tuoi punteggi nel tempo
Non hai fatto questo quiz